The ruthless elimination of hurry / John Mark ... Read More
Available copies
- 0 of 2 copies available at LARL/NWRL Consortium.
Current holds
2 current holds with 2 total copies.
Show All Copies
| Location | Call Number / Copy Notes | Barcode | Shelving Location | Status | Due Date |
|---|---|---|---|---|---|
Record details
- ISBN: 9780525653097
- ISBN: 0525653090
- Physical Description: xv, 286 pages ; 21 cm
- Edition: First Edition.
- Publisher: Colorado Springs : WaterBrook, [2019]
Content descriptions
| Formatted Contents Note: | Autobiography of an epidemic -- The problem -- ... Read More |
| Summary, etc.: | Outwardly, Comer appeared successful. But ... Read More |
Search for related items by subject
| LDR | 02646cam a2200469 i 4500 | ||
|---|---|---|---|
| 001 | 353377 | ||
| 003 | LARL_NWRL_CONSORTIUM | ||
| 005 | 20201022173840.0 | ||
| 008 | 190127s2019 cou 000 0 eng | ||
| 010 | . | ‡a 2019002924 | |
| 040 | . | ‡aDLC ‡beng ‡erda ‡cDLC ‡dOCLCF ‡dWIM ‡dKSA ‡dILC ‡dDLC ‡dOCL ‡dOCLCO ‡dVP@ | |
| 019 | . | ‡a1127052649 | |
| 020 | . | ‡a9780525653097 ‡q(hardcover) | |
| 020 | . | ‡a0525653090 | |
| 020 | . | ‡z9780525653103 ‡q(electronic) | |
| 035 | . | ‡a(OCoLC)1085158669 ‡z(OCoLC)1127052649 | |
| 042 | . | ‡apcc | |
| 082 | 0 | 0. | ‡a248.4/6 ‡223 |
| 100 | 1 | . | ‡aComer, John Mark, ‡d1980- ‡eauthor. |
| 245 | 1 | 4. | ‡aThe ruthless elimination of hurry / ‡cJohn Mark Comer ; foreword by John Ortberg. |
| 250 | . | ‡aFirst Edition. | |
| 264 | 1. | ‡aColorado Springs : ‡bWaterBrook, ‡c[2019] | |
| 300 | . | ‡axv, 286 pages ; ‡c21 cm | |
| 336 | . | ‡atext ‡btxt ‡2rdacontent | |
| 337 | . | ‡aunmediated ‡bn ‡2rdamedia | |
| 338 | . | ‡avolume ‡bnc ‡2rdacarrier | |
| 505 | 0 | . | ‡aAutobiography of an epidemic -- The problem -- Hurry: the great enemy of spiritual life -- A brief history of speed -- Something is deeply wrong -- The solution -- Hint: it isn't more time -- The secret of the easy yoke -- What we're really talking about is a rule of life -- Wait, what are the spiritual disciplines again? -- Practices for unhurrying your life -- Silence and solitude -- Sabbath -- Simplicity -- Slowing -- A quiet life. |
| 520 | . | ‡aOutwardly, Comer appeared successful. But inwardly, things weren't pretty. The advice his mentor gave him wasn't what he expected: "Ruthlessly eliminate hurry from your life. Hurry is the great enemy of the spiritual life." But it was the answer Comer needed. Here he shows you how to stay emotionally healthy and spiritually alive, by discovering a slower, simpler way of life. -- adapted from Amazon.com info | |
| 650 | 0. | ‡aSimplicity ‡xReligious aspects ‡xChristianity. ‡0(LARL_NWRL_CONSORTIUM)167337 | |
| 650 | 0. | ‡aTime ‡xReligious aspects ‡xChristianity. ‡0(LARL_NWRL_CONSORTIUM)159699 | |
| 650 | 0. | ‡aTime management ‡xReligious aspects ‡xChristianity. ‡0(LARL_NWRL_CONSORTIUM)167726 | |
| 650 | 0. | ‡aMental health ‡xReligious aspects ‡xChristianity. ‡0(LARL_NWRL_CONSORTIUM)173306 | |
| 650 | 7. | ‡aLeisure ‡xReligious aspects ‡xChristianity. ‡2fast | |
| 650 | 7. | ‡aMental health ‡xReligious aspects ‡xChristianity. ‡2fast ‡0(LARL_NWRL_CONSORTIUM)173306 | |
| 650 | 7. | ‡aSimplicity ‡xReligious aspects ‡xChristianity. ‡2fast ‡0(LARL_NWRL_CONSORTIUM)167337 | |
| 650 | 7. | ‡aTime management ‡xReligious aspects ‡xChristianity. ‡2fast ‡0(LARL_NWRL_CONSORTIUM)167726 | |
| 650 | 7. | ‡aTime ‡xReligious aspects ‡xChristianity. ‡2fast ‡0(LARL_NWRL_CONSORTIUM)159699 | |
| 905 | . | ‡uvanderl | |
| 901 | . | ‡a353377 ‡b ‡c353377 ‡tbiblio ‡soclc | |

Add to basket
Permalink
Disable Highlighting